000 00532nam a2200193Ia 4500
005 20250508152610.0
008 008 250505s9999 xx 000 0 eng d
037 _aTextual
040 _aFEDL
_beng
_cFEDL
041 _aeng
_2eng
084 _a910, CAM
_qFEDL
100 _aCampbell Eila M J
245 0 _aSouthern continents, Book 2
260 _aLondon, UK
_bGeorge Philip and Son Limited
_c1957
300 _axii,370p
490 _aGlobal geographies
942 _cTEXL
_h910, CAM
999 _c1337506
_d1337506